Catálogo público

Alimentación de cerdos con algunos productos y subproductos agroindustriales / Roberto Sabogal o. /y otros/ (Record no. 217019)

MARC details
000 -CABECERA
campo de control de longitud fija 00635nam a2200205Ia 4500
001 - NÚMERO DE CONTROL
campo de control Z_5860
008 - DATOS DE LONGITUD FIJA--INFORMACIÓN GENERAL
campo de control de longitud fija 220601s9999 xx 000 0 und d
090 ## - LOCALMENTE ASIGNADO TIPO-LC NÚMERO DE CLASIFICACIÓN (OCLC); NÚMERO DE CLASIFICACIÓN LOCAL (RLIN)
Número de clasificación (OCLC) (R) ; Numero de clasificación, CALL (RLIN) (NR) Folleto 745
100 1# - ENTRADA PRINCIPAL--NOMBRE DE PERSONA
Nombre de persona Sabogal O., Roberto
9 (RLIN) 101111
245 ## - MENCIÓN DE TÍTULO
Título Alimentación de cerdos con algunos productos y subproductos agroindustriales / Roberto Sabogal o. /y otros/
260 ## - PUBLICACIÓN, DISTRIBUCIÓN, ETC.
Lugar de publicación, distribución, etc. Santa Fé de Bogotá : Produmedios
300 ## - DESCRIPCIÓN FÍSICA
Extensión 44 h.
503 ## - NOTA DE HISTORIA BIBLIOGRÁFICA (BK CF MU) [OBSOLETO]
Nota de historia bibliográfica c/e
650 ## - PUNTO DE ACCESO ADICIONAL DE MATERIA--TÉRMINO DE MATERIA
Término de materia o nombre geográfico como elemento de entrada 1. Ganado porcino - AlimentaciónÌ
9 (RLIN) 182865
901 ## - ELEMENTOS DE DATOS A LOCAL LDA (RLIN)
a FOLLETO 745
902 ## - ELEMENTOS DE DATOS B LOCAL, LDB (RLIN)
a A
905 ## - ELEMENTOS DE DATOS E LOCAL, LDE (RLIN)
a 0000001993 0000000000 00
942 ## - ELEMENTOS DE PUNTO DE ACCESO ADICIONAL (KOHA)
Tipo de ítem Koha
Holdings
Estado de retiro Estado de pérdida Fuente del sistema de clasificación o colocación Estado dañado No para préstamo Código de colección Localización permanente Ubicación/localización actual Ubicación en estantería Fecha de adquisición Total de préstamos Código de barras Fecha visto por última vez Número de copia Precio válido a partir de Tipo de ítem Koha
    Clasificación Universidad Autónoma de Chapingo     Folletos Zootecnia Zootecnia   03/11/2009   z_5765 02/06/2022 1 02/06/2022 Folleto